Titian remade : (Record no. 18180)

000 -LEADER
fixed length control field 02033cam a2200385 a 4500
001 - CONTROL NUMBER
control field 14633538
003 - CONTROL NUMBER IDENTIFIER
control field OSt
005 - DATE AND TIME OF LATEST TRANSACTION
control field 20161203100420.0
008 - FIXED-LENGTH DATA ELEMENTS--GENERAL INFORMATION
fixed length control field 061114s2007 caua b 001 0 eng
010 ## - LIBRARY OF CONGRESS CONTROL NUMBER
LC control number 2006038238
020 ## - INTERNATIONAL STANDARD BOOK NUMBER
International Standard Book Number 9780892368730
020 ## - INTERNATIONAL STANDARD BOOK NUMBER
International Standard Book Number 089236873X
035 ## - SYSTEM CONTROL NUMBER
System control number (OCoLC)ocm76786715
035 ## - SYSTEM CONTROL NUMBER
System control number (OCoLC)76786715
040 ## - CATALOGING SOURCE
Original cataloging agency DLC
Transcribing agency DLC
Modifying agency BAKER
-- BTCTA
-- C#P
-- YDXCP
-- DLC
043 ## - GEOGRAPHIC AREA CODE
Geographic area code e-it---
050 00 - LIBRARY OF CONGRESS CALL NUMBER
Classification number ND623.P144
Item number L64 2007
082 00 - DEWEY DECIMAL CLASSIFICATION NUMBER
Classification number 759.5
Edition number 22
100 1# - MAIN ENTRY--PERSONAL NAME
Personal name Loh, Maria H.,
Dates associated with a name 1971-
245 10 - TITLE STATEMENT
Title Titian remade :
Remainder of title repetition and the transformation of early modern Italian art /
Statement of responsibility, etc. Maria H. Loh.
260 ## - PUBLICATION, DISTRIBUTION, ETC. (IMPRINT)
Place of publication, distribution, etc. Los Angeles :
Name of publisher, distributor, etc. Getty Research Institute,
Date of publication, distribution, etc. c2007.
300 ## - PHYSICAL DESCRIPTION
Extent viii, 202 p. :
Other physical details ill. (some col.) ;
Dimensions 28 cm.
504 ## - BIBLIOGRAPHY, ETC. NOTE
Bibliography, etc Includes bibliographical references (p. 181-190) and index.
505 0# - FORMATTED CONTENTS NOTE
Formatted contents note Introduction: "A death in Venice" -- "Delicious nude": repetition and identity -- "The future is history": repetition and difference -- "Io triumphe, io triumphe": repetition and becoming -- Ancients and moderns: repetition and history -- Conclusion. sublime trees and deterritorialized branches.
600 00 - SUBJECT ADDED ENTRY--PERSONAL NAME
Personal name Padovanino,
Dates associated with a name 1588-1648
General subdivision Criticism and interpretation.
600 00 - SUBJECT ADDED ENTRY--PERSONAL NAME
Personal name Titian,
Dates associated with a name approximately 1488-1576
General subdivision Influence.
650 #0 - SUBJECT ADDED ENTRY--TOPICAL TERM
Topical term or geographic name as entry element Painting, Italian
Chronological subdivision 17th century.
650 #0 - SUBJECT ADDED ENTRY--TOPICAL TERM
Topical term or geographic name as entry element Imitation in art.
650 #0 - SUBJECT ADDED ENTRY--TOPICAL TERM
Topical term or geographic name as entry element Repetition (Aesthetics)
856 41 - ELECTRONIC LOCATION AND ACCESS
Materials specified Table of contents only
Uniform Resource Identifier <a href="http://www.loc.gov/catdir/toc/ecip075/2006038238.html">http://www.loc.gov/catdir/toc/ecip075/2006038238.html</a>
856 42 - ELECTRONIC LOCATION AND ACCESS
Materials specified Contributor biographical information
Uniform Resource Identifier <a href="http://www.loc.gov/catdir/enhancements/fy0907/2006038238-b.html">http://www.loc.gov/catdir/enhancements/fy0907/2006038238-b.html</a>
856 42 - ELECTRONIC LOCATION AND ACCESS
Materials specified Publisher description
Uniform Resource Identifier <a href="http://www.loc.gov/catdir/enhancements/fy0907/2006038238-d.html">http://www.loc.gov/catdir/enhancements/fy0907/2006038238-d.html</a>
906 ## - LOCAL DATA ELEMENT F, LDF (RLIN)
a 7
b cbc
c orignew
d 1
e ecip
f 20
g y-gencatlg
942 ## - ADDED ENTRY ELEMENTS (KOHA)
Source of classification or shelving scheme
Koha item type Hard Covered Materials
Classification part ND 23 .P144L64 2007
Holdings
Withdrawn status Lost status Source of classification or shelving scheme Damaged status Not for loan Home library Current library Shelving location Date acquired Source of acquisition Total Checkouts Full call number Barcode Date last seen Price effective from Koha item type
          MACHAKOS UNIVERSITY LIBRARY MACHAKOS UNIVERSITY LIBRARY Open shelf 03/12/2016 Donation (BFA)   ND 23 .P144L64 2007 28538 03/12/2016 03/12/2016 Hard Covered Materials
© Machakos University Library, Along The Highway, Machakos Wote Rd, Machakos, Kenya P.O. Box 136 - 90100 Machakos - Kenya

Tel: ( +254 ) 723 805829 OR Fax : 044-20353 OR Email: library@mksu.ac.ke